000 00475nam a2200181 4500
001 1735369
005 20250115102913.0
008 710729t19701949nyua b 001 0 eng
020 _a0486623998
050 0 0 _aQP461
_b.W47 1970
082 0 0 _a612/.85
100 1 _aWever, Ernest Glen,
_d1902-
245 1 0 _aTheory of hearing.
260 _aNew York,
_bDover Publications
_c[1970, c1949]
300 _axiii, 484 p.
_billus.
_c22 cm.
650 0 _aHearing.
942 _2lcc
_cBK
_n0
999 _c2548
_d2548